000 00539nam a2200157 i 4500
001 147781
003 ES-MaACL
005 20230906202243.0
007 t|
008 071005s1935 sp ||||1| spa d
100 1 _aUrquijo Landaluze, Pedro.
_9112209
245 1 0 _aMemoria de los trabajos realizados por la Estación de Fitopatología Agrícola de La Coruña
_b: año 1934 /
_cPedro Urquijo Landaluze.
260 _aLa Coruña :
_b[s.n.],
_c1934 (
_fImp. Lombardero)
300 _a79 p. :
_bil. ;
_c24 cm.
852 _aES-MaACL
_j1817-F-9
999 _c147781
_d147781